[Event "Leipzig VfB op 19th"]
[Site "Leipzig"]
[Date "2012.03.10"]
[Round "8"]
[White "Loose, Christian"]
[Black "Holz auf der Heide, Gerhard"]
[Result "1/2-1/2"]
[WhiteElo "1570"]
[BlackElo "1855"]
[PlyCount "82"]
[EventDate "2012.03.06"]
[EventType "swiss"]
[EventRounds "9"]
[EventCountry "GER"]
[SourceTitle "CBM 147 Extra"]
[Source "ChessBase"]
[SourceDate "2012.04.24"]
[SourceVersion "1"]
[SourceVersionDate "2012.04.24"]
[SourceQuality "1"]

1. f4 c5 2. b3 Nf6 3. Bb2 Nc6 4. Nf3 d6 5. e3 g6 6. Bb5 Bd7 7. Bxc6 Bxc6 8. 0-0 Bg7 9. d3 0-0 10. e4 e6 11. Qe1 Re8 12. Qh4 h5 13. h3 Nd7 14. Qxd8 Raxd8 15. Bxg7 Kxg7 16. Nbd2 b5 17. f5 exf5 18. exf5 Re2 19. Rad1 g5 20. Rf2 Rxf2 21. Kxf2 f6 22. Re1 Kf7 23. Re6 Nf8 24. Re1 d5 25. d4 c4 26. b4 Ra8 27. a3 a5 28. Nb1 axb4 29. axb4 Ra2 30. Re2 Rb2 31. Nc3 Rxb4 32. Na2 Ra4 33. c3 Ra3 34. Nb4 Bb7 35. Re3 Ra1 36. Ne1 Ra8 37. Nec2 h4 38. Re1 Ra7 39. Ne3 Bc8 40. Nbxd5 Bb7 41. Rb1 Bc6 1/2-1/2

[Event "Leipzig VfB op 19th"]
[Site "Leipzig"]
[Date "2012.03.07"]
[Round "3"]
[White "Loose, Christian"]
[Black "Haerig, Wolfram"]
[Result "1/2-1/2"]
[WhiteElo "1570"]
[BlackElo "1741"]
[PlyCount "85"]
[EventDate "2012.03.06"]
[EventType "swiss"]
[EventRounds "9"]
[EventCountry "GER"]
[SourceTitle "CBM 147 Extra"]
[Source "ChessBase"]
[SourceDate "2012.04.24"]
[SourceVersion "1"]
[SourceVersionDate "2012.04.24"]
[SourceQuality "1"]

1. f4 d5 2. b3 e6 3. Bb2 Nf6 4. Nf3 c5 5. e3 Nc6 6. Bb5 Bd7 7. Bxc6 Bxc6 8. 0-0 Be7 9. d3 0-0 10. Nbd2 Rc8 11. Ne5 Qc7 12. Ndf3 h6 13. Qe1 b5 14. Qg3 Bb7 15. Nh4 Nh5 16. Qg4 Bxh4 17. Qxh4 Nf6 18. Rf3 Kh7 19. Rh3 Ng8 20. Ng4 f6 21. Rf1 c4 22. dxc4 dxc4 23. Bd4 cxb3 24. cxb3 Qc2 25. Qf2 Qxf2+ 26. Nxf2 a6 27. e4 Ne7 28. Rc3 Rxc3 29. Bxc3 Rc8 30. Rc1 Nc6 31. Nd3 Ne7 32. e5 f5 33. Bb4 Rxc1+ 34. Nxc1 Nd5 35. Nd3 g5 36. g3 Kg6 37. Bd2 Kh5 38. Nc5 Bc8 39. Kg2 Kg6 40. h4 gxh4 41. gxh4 Kh5 42. Kh3 Ne7 43. Be1 1/2-1/2

[Event "Leipzig VfB op 19th"]
[Site "Leipzig"]
[Date "2012.03.07"]
[Round "2"]
[White "Platz, Daniel"]
[Black "Loose, Christian"]
[Result "1-0"]
[WhiteElo "2055"]
[BlackElo "1570"]
[PlyCount "49"]
[EventDate "2012.03.06"]
[EventType "swiss"]
[EventRounds "9"]
[EventCountry "GER"]
[SourceTitle "CBM 147 Extra"]
[Source "ChessBase"]
[SourceDate "2012.04.24"]
[SourceVersion "1"]
[SourceVersionDate "2012.04.24"]
[SourceQuality "1"]

1. e4 e6 2. d4 d5 3. exd5 exd5 4. Bd3 Bd6 5. Ne2 Ne7 6. 0-0 0-0 7. Bf4 Be6 8. c3 Ng6 9. Bg3 c6 10. Nd2 Qc7 11. f4 f5 12. Nf3 Nd7 13. Qc2 Nxf4 14. Ng5 Nxe2+ 15. Qxe2 Bf7 16. Ne6 Qb8 17. Nxf8 Nxf8 18. Bxd6 Qxd6 19. Rxf5 Ng6 20. Raf1 Re8 21. Qd2 Re7 22. Qf2 Qe6 23. Qg3 Nh8 24. Re5 Qd7 25. Qh4 1-0

[Event "Leutersdorf Sparkasse op 10th"]
[Site "Leutersdorf"]
[Date "2006.02.19"]
[Round "6"]
[White "Loose, Christian"]
[Black "Schiessl, Hanns"]
[Result "1-0"]
[WhiteElo "1561"]
[BlackElo "1308"]
[PlyCount "49"]
[EventDate "2006.02.17"]
[EventType "swiss"]
[EventRounds "7"]
[EventCountry "GER"]
[SourceTitle "EXT 2007"]
[Source "ChessBase"]
[SourceDate "2006.11.23"]
[SourceVersion "1"]
[SourceVersionDate "2006.11.23"]
[SourceQuality "1"]

1. f4 Nf6 2. b3 d6 3. Bb2 e6 4. Nf3 Be7 5. e3 0-0 6. Be2 c5 7. 0-0 Nc6 8. Qe1 Ng4 9. Qg3 Bf6 10. c3 e5 11. fxe5 Ncxe5 12. h3 Nxf3+ 13. Qxf3 Ne5 14. Qf4 Rb8 15. d4 Ng6 16. Qf3 Nh4 17. Qf2 Re8 18. Nd2 Nf5 19. e4 Bh4 20. Qf3 Ng3 21. Qxf7+ Kh8 22. Rf2 Nxe2+ 23. Rxe2 Rf8 24. Qc4 Qg5 25. Qd3 1-0

[Event "Leutersdorf Sparkasse op 10th"]
[Site "Leutersdorf"]
[Date "2006.02.18"]
[Round "3"]
[White "Koenig, Tobias Marius"]
[Black "Loose, Christian"]
[Result "0-1"]
[WhiteElo "1196"]
[BlackElo "1561"]
[PlyCount "42"]
[EventDate "2006.02.17"]
[EventType "swiss"]
[EventRounds "7"]
[EventCountry "GER"]
[SourceTitle "EXT 2007"]
[Source "ChessBase"]
[SourceDate "2006.11.23"]
[SourceVersion "1"]
[SourceVersionDate "2006.11.23"]
[SourceQuality "1"]

1. e4 e6 2. d4 d5 3. e5 c5 4. c3 Qb6 5. Nf3 Nc6 6. Be2 Nh6 7. Qc2 cxd4 8. cxd4 Nf5 9. Qa4 Nfxd4 10. Nxd4 Qxd4 11. Qxd4 Nxd4 12. Bd3 Be7 13. Be3 Nc6 14. Bb5 a6 15. Be2 Nxe5 16. Bd4 Bf6 17. 0-0 Nd7 18. Bxf6 Nxf6 19. Re1 0-0 20. Nd2 Bd7 21. Nb3 Rfc8 0-1

[Event "Leutersdorf Sparkasse op 10th"]
[Site "Leutersdorf"]
[Date "2006.02.18"]
[Round "4"]
[White "Loose, Christian"]
[Black "Bauer, Bianca"]
[Result "1-0"]
[WhiteElo "1561"]
[BlackElo "1305"]
[PlyCount "98"]
[EventDate "2006.02.17"]
[EventType "swiss"]
[EventRounds "7"]
[EventCountry "GER"]
[SourceTitle "EXT 2007"]
[Source "ChessBase"]
[SourceDate "2006.11.23"]
[SourceVersion "1"]
[SourceVersionDate "2006.11.23"]
[SourceQuality "1"]

1. f4 g6 2. Nf3 Nf6 3. b3 Bg7 4. Bb2 d6 5. e4 0-0 6. d3 Nc6 7. h3 Re8 8. Be2 Nh5 9. Bxg7 Kxg7 10. Qd2 Ng3 11. Rg1 Nxe2 12. Qxe2 e5 13. fxe5 Nxe5 14. Nc3 Qf6 15. Nxe5 Qxe5 16. Kd2 Qg5+ 17. Qe3 Qxe3+ 18. Kxe3 Bd7 19. Nd5 Rac8 20. Raf1 Re6 21. g4 c6 22. Nf4 Re7 23. Kd2 Rce8 24. h4 h6 25. Ne2 d5 26. Nc3 d4 27. Ne2 c5 28. Rf2 b6 29. Nf4 Be6 30. Rgf1 Bxg4 31. Nd5 Rd7 32. Nf6 Ree7 33. Nxg4 h5 34. Nh2 Rb7 35. Nf3 f6 36. Nxd4 cxd4 37. Rxf6 Rf7 38. Rxf7+ Rxf7 39. Rxf7+ Kxf7 40. Ke2 Kf6 41. Kf3 g5 42. hxg5+ Kxg5 43. Kg3 h4+ 44. Kh3 a6 45. a4 b5 46. axb5 axb5 47. b4 Kh5 48. e5 Kg5 49. e6 Kf6 1-0